Statistics for Busiest London Underground Stations

Click here to take the quiz!

General Stats

  • This quiz has been taken 4,679 times
    (3,887 since last reset)
  • The average score is 12 of 20

Answer Stats

#Station% Correct
84.87King's Cross St. Pancras
91%
89.40Waterloo
84%
84.58Victoria
83%
38.03Euston
77%
85.25Oxford Circus
76%
48.88Bank & Monument
75%
49.71Paddington
75%
67.89Liverpool Street
73%
41.70Piccadilly Circus
63%
69.88London Bridge
60%
38.60Leicester Square
59%
38.06Tottenham Court Road
56%
28.10Baker Street
55%
39.65Bond Street
50%
35.46Green Park
50%
34.02Holborn
40%
50.05Canary Wharf
37%
54.50Stratford
37%
32.75South Kensington
31%
29.29Hammersmith
25%

Score Distribution

Percentile by Number Answered

Percent of People with Each Score

Your Score History

You have not taken this quiz since the last reset